5HLuxD.jpg

KING HENRY VIII SENIOR AND PRIMARY SCHOOL LIBRARY OPAC

Further pure mathematics / (Record no. 3072)

000 -LEADER
fixed length control field 00988 am a2200349ua 4500
001 - CONTROL NUMBER
control field 009466530
003 - CONTROL NUMBER IDENTIFIER
control field OSt
005 - DATE AND TIME OF LATEST TRANSACTION
control field 20231002093105.0
008 - FIXED-LENGTH DATA ELEMENTS--GENERAL INFORMATION
fixed length control field 840116s1982 enka || 001 ||eng
015 ## - NATIONAL BIBLIOGRAPHY NUMBER
National bibliography number GB8236157
Source bnb
020 ## - INTERNATIONAL STANDARD BOOK NUMBER
International Standard Book Number 0859501035 (pbk)
020 ## - INTERNATIONAL STANDARD BOOK NUMBER
International Standard Book Number 9780859501033
039 0# - LEVEL OF BIBLIOGRAPHIC CONTROL AND CODING DETAIL [OBSOLETE]
Level of rules in bibliographic description 1774
040 ## - CATALOGING SOURCE
Original cataloging agency Uk
Transcribing agency Uk
Modifying agency KH8
050 00 - LIBRARY OF CONGRESS CALL NUMBER
Classification number QA39.2
082 04 - DEWEY DECIMAL CLASSIFICATION NUMBER
Classification number 510 BOS
Edition number 19
100 1# - MAIN ENTRY--PERSONAL NAME
Personal name Bostock, Linda,
Relator term author.
245 10 - TITLE STATEMENT
Title Further pure mathematics /
Statement of responsibility, etc. L. Bostock, S. Chandler, C. Rourke.
260 ## - PUBLICATION, DISTRIBUTION, ETC.
Place of publication, distribution, etc. Cheltenham :
Name of publisher, distributor, etc. Thornes,
Date of publication, distribution, etc. 1982.
300 ## - PHYSICAL DESCRIPTION
Extent xiii, 735p. :
Other physical details ill. ;
Dimensions 23cm.
336 ## - CONTENT TYPE
Content type term text
Source rdacontent
337 ## - MEDIA TYPE
Media type term unmediated
Source rdamedia
338 ## - CARRIER TYPE
Carrier type term volume
Source rdacarrier
500 ## - GENERAL NOTE
General note Includes index.
650 #0 - SUBJECT ADDED ENTRY--TOPICAL TERM
Topical term or geographic name entry element Mathematics
Chronological subdivision 1961-.
650 #0 - SUBJECT ADDED ENTRY--TOPICAL TERM
Topical term or geographic name entry element Mathematics
Form subdivision Pure math
653 ## - INDEX TERM--UNCONTROLLED
Uncontrolled term Mathematics
700 1# - ADDED ENTRY--PERSONAL NAME
Personal name Chandler, S.
Fuller form of name (Suzanne),
Dates associated with a name 1940-
Relator term author.
700 1# - ADDED ENTRY--PERSONAL NAME
Personal name Rourke, C.,
Relator term author.
942 ## - ADDED ENTRY ELEMENTS (KOHA)
Source of classification or shelving scheme
Koha item type Teaching Resources
Holdings
Withdrawn status Lost status Source of classification or shelving scheme Damaged status Not for loan Collection code Permanent Location Current Location Shelving location Date acquired Full call number Barcode Date last seen Copy number Price effective from Koha item type
          Teaching Resources KH8 Senior School Library KH8 Senior School Library Staff Office 2023-10-02 510 BOS TRKHSL003887 2023-10-02 1 2023-10-02 Teaching Resources
          Teaching Resources KH8 Senior School Library KH8 Senior School Library Staff Office 2023-10-02 510 BOS TRKHSL003888 2023-10-02 2 2023-10-02 Teaching Resources
          Teaching Resources KH8 Senior School Library KH8 Senior School Library Staff Office 2023-10-02 510 BOS TRKHSL003889 2023-10-02 3 2023-10-02 Teaching Resources

Powered By KH8 IT Dept